<?xml version="1.0" encoding="UTF-8"?>
<record
    xmlns:xsi="http://www.w3.org/2001/XMLSchema-instance"
    xsi:schemaLocation="http://www.loc.gov/MARC21/slim http://www.loc.gov/standards/marcxml/schema/MARC21slim.xsd"
    xmlns="http://www.loc.gov/MARC21/slim">

  <leader>00925nam a22002297a 4500</leader>
  <controlfield tag="005">20170124103128.0</controlfield>
  <datafield tag="010" ind1=" " ind2=" ">
    <subfield code="a">412974</subfield>
  </datafield>
  <datafield tag="020" ind1=" " ind2=" ">
    <subfield code="c">00.00</subfield>
  </datafield>
  <datafield tag="035" ind1=" " ind2=" ">
    <subfield code="a">412974</subfield>
  </datafield>
  <datafield tag="037" ind1=" " ind2=" ">
    <subfield code="b">Cen Lib/Ret</subfield>
  </datafield>
  <datafield tag="040" ind1=" " ind2=" ">
    <subfield code="a">DPL</subfield>
    <subfield code="b">HN</subfield>
  </datafield>
  <datafield tag="082" ind1=" " ind2=" ">
    <subfield code="a">822</subfield>
    <subfield code="b">&#x92D;&#x93E;&#x930;&#x924;&#x947; </subfield>
  </datafield>
  <datafield tag="100" ind1=" " ind2=" ">
    <subfield code="a">&#x92D;&#x93E;&#x930;&#x924;&#x947;&#x902;&#x926;&#x941;  &#x939;&#x930;&#x93F;&#x936;&#x94D;&#x91A;&#x902;&#x926;&#x94D;&#x930; </subfield>
    <subfield code="9">43912</subfield>
  </datafield>
  <datafield tag="245" ind1=" " ind2=" ">
    <subfield code="a">&#x936;&#x94D;&#x930;&#x940; &#x91A;&#x928;&#x94D;&#x926;&#x94D;&#x930;&#x93E;&#x935;&#x932;&#x940; /</subfield>
    <subfield code="c">&#x92D;&#x93E;&#x930;&#x924;&#x947;&#x902;&#x926;&#x941;  &#x939;&#x930;&#x93F;&#x936;&#x94D;&#x91A;&#x902;&#x926;&#x94D;&#x930; </subfield>
  </datafield>
  <datafield tag="246" ind1=" " ind2=" ">
    <subfield code="a">Shree chandravali </subfield>
    <subfield code="b">by Bhaartendun Harishchndra </subfield>
  </datafield>
  <datafield tag="300" ind1=" " ind2=" ">
    <subfield code="a">135&#x92A;&#x943;&#x937;&#x94D;&#x920;. </subfield>
    <subfield code="c">18&#x938;&#x947;&#x92E;&#x940;(&#x938;&#x91C;&#x93F;&#x932;&#x94D;&#x926;)</subfield>
  </datafield>
  <datafield tag="650" ind1=" " ind2=" ">
    <subfield code="a">&#x939;&#x93F;&#x902;&#x926;&#x940; &#x938;&#x93E;&#x939;&#x93F;&#x924;&#x94D;&#x92F; </subfield>
    <subfield code="9">83646</subfield>
  </datafield>
  <datafield tag="650" ind1=" " ind2=" ">
    <subfield code="a">&#x92D;&#x93E;&#x930;&#x924;&#x947;&#x902;&#x926;&#x941; &#x939;&#x930;&#x93F;&#x936;&#x94D;&#x91A;&#x902;&#x926;&#x94D;&#x930; &#x915;&#x940; &#x928;&#x93E;&#x91F;&#x94D;&#x92F; &#x915;&#x932;&#x93E; </subfield>
    <subfield code="9">83647</subfield>
  </datafield>
  <datafield tag="650" ind1=" " ind2=" ">
    <subfield code="a">hindi Literature</subfield>
    <subfield code="9">83648</subfield>
  </datafield>
  <datafield tag="650" ind1=" " ind2=" ">
    <subfield code="a">Bhartendu Harishchandra 's theater</subfield>
    <subfield code="9">83649</subfield>
  </datafield>
  <datafield tag="942" ind1=" " ind2=" ">
    <subfield code="2">ddc</subfield>
    <subfield code="c">HN</subfield>
    <subfield code="h">822</subfield>
    <subfield code="m">&#x92D;&#x93E;&#x930;&#x924;&#x947; </subfield>
  </datafield>
  <datafield tag="999" ind1=" " ind2=" ">
    <subfield code="c">119165</subfield>
    <subfield code="d">119165</subfield>
  </datafield>
  <datafield tag="952" ind1=" " ind2=" ">
    <subfield code="0">0</subfield>
    <subfield code="1">0</subfield>
    <subfield code="4">0</subfield>
    <subfield code="7">0</subfield>
    <subfield code="a">L</subfield>
    <subfield code="b">L</subfield>
    <subfield code="d">2015-09-15</subfield>
    <subfield code="e">Cen Lib/Ret</subfield>
    <subfield code="g">0.00</subfield>
    <subfield code="l">0</subfield>
    <subfield code="o">822 &#x92D;&#x93E;&#x930;&#x924;&#x947;</subfield>
    <subfield code="p">412974</subfield>
    <subfield code="r">2015-09-15 00:00:00</subfield>
    <subfield code="t">1</subfield>
    <subfield code="v">0.00</subfield>
    <subfield code="w">2015-09-15</subfield>
    <subfield code="y">HN</subfield>
  </datafield>
</record>
